000 00811nam a22002777a 4500
005 20240921063715.0
008 240921b |||||||| |||| 00| 0 eng d
020 _a9789358890617
040 _aIN-DiNC
_cIN-DiNC
041 _deng
082 _a030
_bAPS
245 _aAPSC cracker:
_bgeneral studies & CSAT (paper I & II)/
_cby Rohit Baruah and others
260 _aNew Delhi:
_bArihant,
_cn.a.
300 _a554p.
650 _aGeneral knowledge
700 _aBaruah, Rohit
_eauthor
700 _aRanjan, Amibh
_eauthor
700 _aRaj, Rohit
_eauthor
700 _aShukla, Tushar
_eauthor
700 _aRoshan, Rakesh
_eauthor
700 _aAnsari, Mansi and Shana
_eauthor
700 _aRaj, Aditya
_eauthor
700 _aBali, Varun
_eauthor
700 _aSoni, Mohit
_eauthor
942 _2ddc
_cBK
999 _c11979
_d11979